<?xml version='1.0' encoding='UTF-8'?>
  <record xmlns="http://www.loc.gov/MARC21/slim">
    <leader>00000cam a2200000 i 4500</leader>
    <controlfield tag="001">ocm66817021</controlfield>
    <controlfield tag="003">OCoLC</controlfield>
    <controlfield tag="005">20260118172634.2</controlfield>
    <controlfield tag="008">031214s1560    gw            000 0 ger d</controlfield>
    <datafield tag="040" ind1=" " ind2=" ">
      <subfield code="a">NLGGC</subfield>
      <subfield code="b">dut</subfield>
      <subfield code="e">fobidrtb</subfield>
      <subfield code="c">NLGGC</subfield>
      <subfield code="d">OCLCL</subfield>
      <subfield code="d">OCLCQ</subfield>
    </datafield>
    <datafield tag="029" ind1="0" ind2=" ">
      <subfield code="a">NLGGC</subfield>
      <subfield code="b">257722491</subfield>
    </datafield>
    <datafield tag="035" ind1=" " ind2=" ">
      <subfield code="a">(OCoLC)66817021</subfield>
    </datafield>
    <datafield tag="100" ind1="1" ind2=" ">
      <subfield code="a">Klebiz, Wilhelm.</subfield>
    </datafield>
    <datafield tag="245" ind1="1" ind2="0">
      <subfield code="a">1. Viel irrige und zenkissche Sacramensheusle, 2. Das eynige Ware Sacramentheuslein. 3. Wo itz etliche Geleerten den Leib unde das heylige Blut Jesu haben. 4. Wo eyn frommer christ den Leib und das Bluth seynes Herren Jesu Christi haben unde bewaren sol. 5. Was in der Heyligen schrift heisse, Christi fleisch essen, und des Herren Jesu Christi Bluth drincken. 6. Ein Gefangener und ein, frommer Ketzer meyster /</subfield>
      <subfield code="c">sampt eyner vorrede, an Pfaltzgraff Frederich de Frommen: mit eynem Sendtbrieff an die Pfaltzgrefische Theologen ; authore Wilhelmo Klebitio ; adjectum est Ultimum judicium Philippi Melanthonis, de controversia Coenae.</subfield>
    </datafield>
    <datafield tag="246" ind1="3" ind2=" ">
      <subfield code="a">Ultimum judicium ... de controversia Coenae Domini</subfield>
    </datafield>
    <datafield tag="260" ind1=" " ind2=" ">
      <subfield code="a">[S.l.] :</subfield>
      <subfield code="b">[s.n.],</subfield>
      <subfield code="c">1560.</subfield>
    </datafield>
    <datafield tag="300" ind1=" " ind2=" ">
      <subfield code="a">32 p. ;</subfield>
      <subfield code="c">15 cm.</subfield>
    </datafield>
    <datafield tag="336" ind1=" " ind2=" ">
      <subfield code="a">tekst</subfield>
      <subfield code="b">txt</subfield>
      <subfield code="2">rdacontent/dut</subfield>
    </datafield>
    <datafield tag="337" ind1=" " ind2=" ">
      <subfield code="a">zonder medium</subfield>
      <subfield code="b">n</subfield>
      <subfield code="2">rdamedia/dut</subfield>
    </datafield>
    <datafield tag="338" ind1=" " ind2=" ">
      <subfield code="a">band</subfield>
      <subfield code="b">nc</subfield>
      <subfield code="2">rdacarrier/dut</subfield>
    </datafield>
    <datafield tag="500" ind1=" " ind2=" ">
      <subfield code="a">Jaar van uitg. op grond van dagtekening.</subfield>
    </datafield>
    <datafield tag="600" ind1="1" ind2="4">
      <subfield code="a">Frederik III,</subfield>
      <subfield code="c">keurvorst van de Palts.</subfield>
    </datafield>
    <datafield tag="700" ind1="1" ind2=" ">
      <subfield code="a">Melanchthon, Philipp.</subfield>
    </datafield>
    <datafield tag="758" ind1=" " ind2=" ">
      <subfield code="a">1. Viel irrige und zenkissche Sacramensheusle, 2. Das eynige Ware Sacramentheuslein. 3. Wo itz etliche Geleerten den Leib unde das heylige Blut Jesu haben. 4. Wo eyn frommer christ den Leib und das Bluth seynes Herren Jesu Christi haben unde bewaren sol. 5. Was in der Heyligen schrift heisse, Christi fleisch essen, und des Herren Jesu Christi Bluth drincken. 6. Ein Gefangener und ein, frommer Ketzer meyster (Text)</subfield>
      <subfield code="1">https://id.oclc.org/worldcat/entity/E39PCYtWpcCVCwvxd8hKmTHYdP</subfield>
      <subfield code="4">https://id.oclc.org/worldcat/ontology/hasWork</subfield>
    </datafield>
    <datafield tag="936" ind1=" " ind2=" ">
      <subfield code="a">BATCHLOAD</subfield>
    </datafield>
  </record>